Tell Me Answer (Record no. 163869)
[ view plain ]
| 000 -LEADER | |
|---|---|
| fixed length control field | 00349nam a22001577a 4500 |
| 005 - DATE AND TIME OF LATEST TRANSACTION | |
| control field | 20190502152157.0 |
| 010 ## - LCCN (DPL NO) | |
| LC control number | A-978623 |
| 020 ## - INTERNATIONAL STANDARD BOOK NUMBER | |
| International Standard Book Number | 817520012 |
| 035 ## - SYSTEM CONTROL NUMBER | |
| System control number | A-978623. |
| 037 ## - SOURCE OF ACQUISITION | |
| Source of stock number/acquisition | Bluebird Books |
| 100 ## - MAIN ENTRY--PERSONAL NAME | |
| Personal name | Mukherjee Indira |
| 245 ## - TITLE STATEMENT | |
| Title | Tell Me Answer |
| 260 ## - PUBLICATION, DISTRIBUTION, ETC. (IMPRINT) | |
| Place of publication, distribution, etc | Dehi |
| Date of publication, distribution, etc | 000-Muk |
| 300 ## - PHYSICAL DESCRIPTION | |
| Extent | 93p |
| Other physical details | 24cm(hbk) |
| 942 ## - ADDED ENTRY ELEMENTS (KOHA) | |
| Source of classification or shelving scheme | Dewey Decimal Classification |
| Item type | Children Books |
| Call number suffix | MUK |
| Withdrawn status | Lost status | Not for loan | Collection code | Home library | Current library | Date acquired | Full call number | Barcode | Koha item type |
|---|---|---|---|---|---|---|---|---|---|
| Non-fiction | Sarojini Nagar | Sarojini Nagar | 02/05/2019 | MUK | A-978623 | Children Books |
